<?xml version="1.0" encoding="UTF-8"?>
<marc:record xmlns:marc="http://www.loc.gov/MARC21/slim">
   <marc:leader>00000nam a2200000 a 4500</marc:leader>
   <marc:datafield ind1="1" ind2=" " tag="100">
      <marc:subfield code="a">Wölfel, Ursula</marc:subfield>
      <marc:subfield code="4">aut</marc:subfield>
      <marc:subfield code="e">Verfasser/-in</marc:subfield>
   </marc:datafield>
   <marc:datafield ind1=" " ind2=" " tag="653">
      <marc:subfield code="a">Suppengeschichten</marc:subfield>
   </marc:datafield>
   <marc:datafield ind1="0" ind2="0" tag="245">
      <marc:subfield code="a">Siebenundzwanzig Suppengeschichten</marc:subfield>
   </marc:datafield>
   <marc:datafield ind1=" " ind2="1" tag="264">
      <marc:subfield code="a">o.A.</marc:subfield>
      <marc:subfield code="b">Lizenzausgabe Buchgemeinschaften</marc:subfield>
      <marc:subfield code="c">2010</marc:subfield>
   </marc:datafield>
   <marc:datafield ind1="1" ind2=" " tag="520">
      <marc:subfield code="a">Einmal wollte ein Kind seine Suppe nicht essen. Da hat ihm die Mutter eine Geschichte erzählt.&lt;br/&gt;&lt;br/&gt;Mit der Geschichte vom Kinderbaum, der Geschichte von der Nachtente, von der Dreh-Hops-Wipp-Tute-Maschine, der Puddingkatze und all den anderen kurzen Vorlesegeschichten schmeckt nicht nur die Suppe besser. Sie helfen auch beim Einschlafen und beim Trösten, sie regen die Fantasie an und machen Vergnügen - zwischendurch und immer wieder.</marc:subfield>
   </marc:datafield>
   <marc:datafield ind1="3" ind2=" " tag="024">
      <marc:subfield code="a">9783522182201</marc:subfield>
   </marc:datafield>
   <marc:datafield ind1=" " ind2=" " tag="041">
      <marc:subfield code="a">ger</marc:subfield>
   </marc:datafield>
   <marc:datafield ind1="1" ind2=" " tag="521">
      <marc:subfield code="a">0</marc:subfield>
   </marc:datafield>
   <marc:datafield ind1=" " ind2=" " tag="300">
      <marc:subfield code="a">60 S.</marc:subfield>
   </marc:datafield>
</marc:record>
